[Event "Oberliga Ost B 2017 2018"]
[Site "Germany"]
[Date "2018.03.18"]
[Round "9.6"]
[White "Olesiak, Marcin"]
[Black "Medvedovski, Michael"]
[Result "0-1"]
[WhiteElo "2076"]
[BlackElo "2034"]
[PlyCount "136"]
[EventDate "2017.10.22"]
[EventType "team-tourn"]
[EventCountry "GER"]
[WhiteTeam "Oberursel SV"]
[BlackTeam "Frankfurter TV"]
[WhiteTeamCountry "GER"]
[BlackTeamCountry "GER"]

1. d4 d5 2. Nf3 c5 3. c4 e6 4. cxd5 exd5 5. Nc3 Nc6 6. g3 Nf6 7. Bg2 Be7 8. O-O
O-O 9. b3 Ne4 10. Bb2 Bf6 11. e3 Bg4 12. Ne2 Re8 13. Rb1 b6 14. h3 Bc8 15. dxc5
bxc5 16. Bxf6 Qxf6 17. Rc1 Ba6 18. Nd2 Rad8 19. f3 Bxe2 20. Nxe4 Qb2 21. Qd2
Qxd2 22. Nxd2 Bxf1 23. Nxf1 d4 24. e4 Nb4 25. Rxc5 Rc8 26. Ra5 Rc2 27. Ra4 a5
28. a3 Nc6 29. f4 Rd8 30. Bf3 f6 31. Rc4 d3 32. Ne3 Rxc4 33. Nxc4 d2 34. Bd1
Rd4 35. Kf2 a4 36. Ne3 axb3 37. Bxb3+ Kf8 38. Ke2 d1=Q+ 39. Bxd1 Rxe4 40. Kf3
Re6 41. Kf2 Nd4 42. a4 Ke7 43. Nc2 Rd6 44. Nxd4 Rxd4 45. Ke2 Kd6 46. Bc2 h6 47.
a5 Kc5 48. Bd3 Ra4 49. Ke3 Rxa5 50. h4 Kd5 51. Bf5 Ra3+ 52. Kf2 Kd4 53. h5 Ra5
54. Bg6 f5 55. Kf3 Ra3+ 56. Kf2 Ke4 57. Kg2 Ra2+ 58. Kh3 Rc2 59. Bh7 Rc5 60.
Kg2 Ke3 61. Bg6 Rc2+ 62. Kh3 Kf2 63. Kh4 Rc3 64. g4 Kf3 65. Bxf5 Kxf4 66. Bd7
Rc1 67. Kh3 Rh1+ 68. Kg2 Rh4 0-1

[Event "Oberliga Ost B 2017 2018"]
[Site "Germany"]
[Date "2018.03.18"]
[Round "9.7"]
[White "Krzesinski, Paul"]
[Black "Stork, Oliver"]
[Result "0-1"]
[WhiteElo "2087"]
[BlackElo "2093"]
[PlyCount "136"]
[EventDate "2017.10.22"]
[EventType "team-tourn"]
[EventCountry "GER"]
[WhiteTeam "Frankfurter TV"]
[BlackTeam "Oberursel SV"]
[WhiteTeamCountry "GER"]
[BlackTeamCountry "GER"]

1. e4 c6 2. d4 d5 3. Nc3 dxe4 4. Nxe4 Bf5 5. Ng3 Bg6 6. Nf3 Nd7 7. h4 h6 8. h5
Bh7 9. Bd3 Bxd3 10. Qxd3 e6 11. Bd2 Ngf6 12. O-O-O Be7 13. Kb1 Qb6 14. c4 Rd8
15. Qe2 O-O 16. Nf1 c5 17. g4 Nxg4 18. Rg1 f5 19. Ne3 cxd4 20. Nxg4 fxg4 21.
Rxg4 d3 22. Qe4 Bf6 23. Bc1 Nc5 24. Qe3 Na4 25. Qxb6 axb6 26. Ne1 d2 27. Rxd2
Rxd2 28. Bxd2 Nxb2 29. Be3 Rc8 30. c5 bxc5 31. Bxh6 Kf7 32. Be3 Nd1 33. Kc2
Nxe3+ 34. fxe3 b5 35. Nf3 Ra8 36. Kb1 Ra3 37. Re4 Rd3 38. Kc2 Ra3 39. Kb1 Rd3
40. Kc2 Rd5 41. a4 bxa4 42. Rxa4 Rxh5 43. Kd3 Rd5+ 44. Ke2 g5 45. Nd2 Rd6 46.
Rc4 Rc6 47. Kf3 Kg6 48. Kg4 Be7 49. Nf3 Rc8 50. Ne5+ Kf6 51. Nf3 Rb8 52. Rc2
Rb4+ 53. Kg3 Bd6+ 54. Kf2 Kf5 55. Nd2 Rh4 56. Nf3 Rh1 57. e4+ Kf4 58. Kg2 Ra1
59. Rf2 Kg4 60. e5 Bb8 61. Rc2 Kf4 62. Rc4+ Kf5 63. Rxc5 Ra2+ 64. Kh1 Ra1+ 65.
Kg2 Ra2+ 66. Kh1 Kg4 67. Ng1 Ra1 68. Kg2 Rxg1+ 0-1

[Event "Oberliga Ost B 2017 2018"]
[Site "Germany"]
[Date "2018.03.18"]
[Round "9.8"]
[White "Nichols, Marc"]
[Black "Titsch, Leonhard"]
[Result "1-0"]
[WhiteElo "2125"]
[BlackElo "1989"]
[PlyCount "77"]
[EventDate "2017.10.22"]
[EventType "team-tourn"]
[EventCountry "GER"]
[WhiteTeam "Oberursel SV"]
[BlackTeam "Frankfurter TV"]
[WhiteTeamCountry "GER"]
[BlackTeamCountry "GER"]

1. e4 c5 2. Nf3 d6 3. Bb5+ Bd7 4. Bxd7+ Qxd7 5. O-O Nc6 6. Re1 g6 7. d4 cxd4 8.
Nxd4 Bg7 9. Be3 Nf6 10. f3 Nxd4 11. Bxd4 b5 12. a4 b4 13. c4 bxc3 14. Nxc3 O-O
15. Qd2 Rab8 16. a5 a6 17. Na4 Qb7 18. Nb6 Nd7 19. Bf2 Rfd8 20. Ra3 Nxb6 21.
axb6 d5 22. exd5 Rxd5 23. Qb4 e6 24. Qc4 a5 25. b4 Rc8 26. Qe4 Bc3 27. bxa5
Bxe1 28. Qxe1 Qa6 29. Bg3 Rc2 30. Rb3 Rd7 31. Rb1 Rcd2 32. b7 Qa7+ 33. Kh1 Rxb7
34. Rxb7 Qd4 35. Rb8+ Kg7 36. Be5+ Qxe5 37. Qxe5+ f6 38. Rb7+ Kh6 39. Qf4+ 1-0

[Event "Oberliga Ost B 2017 2018"]
[Site "Germany"]
[Date "2018.03.18"]
[Round "9.2"]
[White "Marchio, Enrico"]
[Black "Mazurek, Robert"]
[Result "1-0"]
[WhiteElo "2292"]
[BlackElo "2152"]
[PlyCount "89"]
[EventDate "2017.10.22"]
[EventType "team-tourn"]
[EventCountry "GER"]
[WhiteTeam "Schoeneck SF"]
[BlackTeam "Gernsheim SK"]
[WhiteTeamCountry "GER"]
[BlackTeamCountry "GER"]

1. Nf3 Nf6 2. c4 e6 3. Nc3 d5 4. cxd5 exd5 5. d4 Be7 6. Bg5 Nbd7 7. e3 Nf8 8.
Bd3 Ne6 9. Bh4 c6 10. a3 O-O 11. O-O g6 12. b4 Ng7 13. b5 cxb5 14. Nxb5 a6 15.
Nc3 Nf5 16. Bxf6 Bxf6 17. Qb3 Ne7 18. Rfc1 b6 19. Rab1 Rb8 20. a4 Bf5 21. Bxf5
gxf5 22. Ne1 Qd6 23. Nd3 Rfd8 24. g3 Bg5 25. Nb4 Ra8 26. Qd1 Ra7 27. Qd3 Rda8
28. Nbxd5 Nxd5 29. Qxf5 Bxe3 30. Nxd5 Bxc1 31. Rxc1 Kf8 32. Nf4 Re8 33. d5 b5
34. Ne6+ Rxe6 35. dxe6 Qxe6 36. Qxh7 Ke7 37. Qh4+ f6 38. axb5 axb5 39. Qb4+ Kf7
40. Qxb5 Kg7 41. Qc6 Qe5 42. Qc5 Ra1 43. Qc2 Ra7 44. Qc3 Rc7 45. Qxc7+ 1-0

[Event "Oberliga Ost B 2017 2018"]
[Site "Germany"]
[Date "2018.03.18"]
[Round "9.3"]
[White "Peterson, Emery"]
[Black "Heinatz, Thomas"]
[Result "0-1"]
[WhiteElo "2165"]
[BlackElo "2276"]
[PlyCount "136"]
[EventDate "2017.10.22"]
[EventType "team-tourn"]
[EventCountry "GER"]
[WhiteTeam "Gernsheim SK"]
[BlackTeam "Schoeneck SF"]
[WhiteTeamCountry "GER"]
[BlackTeamCountry "GER"]

1. d4 Nf6 2. Nf3 g6 3. e3 Bg7 4. Bd3 d6 5. c4 O-O 6. Nc3 Nbd7 7. O-O e5 8. d5
Nh5 9. Ne1 f5 10. Be2 Nhf6 11. f3 g5 12. Qc2 Kh8 13. Nd3 a5 14. Bd2 Qe7 15. Nf2
Nc5 16. Nd3 Nfd7 17. Nf2 Nf6 18. Nd3 Na6 19. a3 e4 20. Nf2 exf3 21. gxf3 Bd7
22. Rae1 Qf7 23. Nh1 Ng8 24. Rf2 Ne7 25. Nd1 a4 26. Rg2 h6 27. Nhf2 Nc5 28. Kh1
Ng6 29. f4 Nh4 30. Rg3 g4 31. h3 h5 32. hxg4 hxg4 33. Reg1 Bf6 34. Nxg4 fxg4
35. Bxg4 Bxg4 36. Rxg4 Qh7 37. Qxh7+ Kxh7 38. Be1 Nf5 39. R1g2 Rg8 40. Rh2+ Nh6
41. Nf2 Rxg4 42. Nxg4 Bg7 43. Kg2 Kg6 44. Nxh6 Bxh6 45. Kf3 Bg7 46. e4 Re8 47.
Re2 Nd3 48. Bc3 Bxc3 49. bxc3 Rh8 50. e5 dxe5 51. fxe5 Kf5 52. Ke3 Nxe5 53.
Rf2+ Kg6 54. Kd4 Nd7 55. Rg2+ Kf7 56. Rf2+ Ke7 57. Re2+ Kd8 58. Re4 b6 59. Rg4
Kc8 60. Rf4 Rh1 61. Rg4 Rd1+ 62. Ke3 Nc5 63. Rg8+ Kd7 64. Rg7+ Kd6 65. Rg6+ Ke5
66. Rc6 Rd3+ 67. Ke2 Rxc3 68. Rxc7 Rxa3 0-1

[Event "Oberliga Ost B 2017 2018"]
[Site "Germany"]
[Date "2018.03.18"]
[Round "9.4"]
[White "Nazarenus, Moritz"]
[Black "Hebbering, Tom Elliot"]
[Result "1/2-1/2"]
[WhiteElo "2241"]
[BlackElo "2181"]
[PlyCount "85"]
[EventDate "2017.10.22"]
[EventType "team-tourn"]
[EventCountry "GER"]
[WhiteTeam "Schoeneck SF"]
[BlackTeam "Gernsheim SK"]
[WhiteTeamCountry "GER"]
[BlackTeamCountry "GER"]

1. d4 d5 2. c4 c6 3. cxd5 cxd5 4. Nc3 Nf6 5. Bf4 Nc6 6. e3 Bf5 7. Qb3 Na5 8.
Qa4+ Bd7 9. Qc2 e6 10. Bd3 Be7 11. h3 Rc8 12. Nf3 a6 13. O-O O-O 14. Ne5 Bb5
15. Bxb5 axb5 16. Qe2 b4 17. Na4 Nc4 18. Nd3 Qa5 19. Nac5 b6 20. Nb3 Qa4 21.
Rfc1 Nd7 22. e4 dxe4 23. Qxe4 Qa6 24. Be5 Rfd8 25. Rd1 Ndxe5 26. dxe5 Na5 27.
Nxb4 Bxb4 28. Qxb4 Nxb3 29. Qxb3 b5 30. Rd3 Rxd3 31. Qxd3 Qc6 32. Rd1 g6 33. a3
Kg7 34. Qe2 Qc5 35. Rd3 Qc1+ 36. Rd1 Qc5 37. Qe4 Qc2 38. Qd4 Rc5 39. Re1 Rd5
40. Qc3 Qxc3 41. bxc3 Rc5 42. Re3 Rc4 43. Kf1 1/2-1/2

[Event "Oberliga Ost B 2017 2018"]
[Site "Germany"]
[Date "2018.03.18"]
[Round "9.5"]
[White "Nies, Peter"]
[Black "Everett, Elijah"]
[Result "0-1"]
[WhiteElo "2087"]
[BlackElo "2168"]
[PlyCount "48"]
[EventDate "2017.10.22"]
[EventType "team-tourn"]
[EventCountry "GER"]
[WhiteTeam "Gernsheim SK"]
[BlackTeam "Schoeneck SF"]
[WhiteTeamCountry "GER"]
[BlackTeamCountry "GER"]

1. e4 c5 2. Nc3 d6 3. f4 g6 4. Nf3 Bg7 5. Bb5+ Bd7 6. Bxd7+ Qxd7 7. d3 Nc6 8.
O-O e6 9. Ne2 Nge7 10. c3 O-O 11. Qe1 f5 12. Be3 b6 13. Rd1 Rad8 14. Bf2 e5 15.
exf5 Qxf5 16. fxe5 dxe5 17. Ng3 Qf7 18. a3 Qb3 19. Qe2 Nd5 20. d4 cxd4 21. cxd4
Nf4 22. Qe4 Nxd4 23. Nxd4 exd4 24. Bxd4 Rde8 0-1

[Event "Oberliga Ost B 2017 2018"]
[Site "Germany"]
[Date "2018.03.18"]
[Round "9.6"]
[White "Meyer, Kai Christian"]
[Black "Rosenberger, Frank"]
[Result "1-0"]
[WhiteElo "2158"]
[BlackElo "2110"]
[PlyCount "87"]
[EventDate "2017.10.22"]
[EventType "team-tourn"]
[EventCountry "GER"]
[WhiteTeam "Schoeneck SF"]
[BlackTeam "Gernsheim SK"]
[WhiteTeamCountry "GER"]
[BlackTeamCountry "GER"]

1. c4 e6 2. d4 d5 3. Nf3 c6 4. Nc3 Nf6 5. cxd5 exd5 6. Bf4 Bf5 7. e3 Bd6 8.
Bxd6 Qxd6 9. Bd3 Bxd3 10. Qxd3 Nbd7 11. O-O O-O 12. Rab1 Rae8 13. Nd2 Ng4 14.
g3 Qh6 15. Nf3 f5 16. Kg2 g6 17. h3 Ngf6 18. b4 b5 19. a4 a6 20. axb5 axb5 21.
Ne2 Ne4 22. Rbc1 Rf6 23. Ra1 Nb6 24. Ra6 Nc4 25. Ne5 Rc8 26. h4 Rd6 27. Nf4 Qg7
28. f3 Nf6 29. Rfa1 Ne8 30. Ra8 Rxa8 31. Rxa8 Qe7 32. Qc3 Kg7 33. Kf2 Kh6 34.
Nfd3 Nf6 35. Qa1 Nd7 36. Ra7 Qe8 37. Rc7 Ndxe5 38. dxe5 Rd7 39. Qa7 Rxc7 40.
Qxc7 Qe6 41. Ke2 f4 42. g4 g5 43. hxg5+ Kxg5 44. Qxh7 1-0

[Event "Oberliga Ost B 2017 2018"]
[Site "Germany"]
[Date "2018.03.18"]
[Round "9.7"]
[White "Neumann, Martin"]
[Black "Meyer Cording, Claus"]
[Result "1/2-1/2"]
[WhiteElo "2049"]
[BlackElo "2078"]
[PlyCount "86"]
[EventDate "2017.10.22"]
[EventType "team-tourn"]
[EventCountry "GER"]
[WhiteTeam "Gernsheim SK"]
[BlackTeam "Schoeneck SF"]
[WhiteTeamCountry "GER"]
[BlackTeamCountry "GER"]

1. d4 Nf6 2. Bg5 e6 3. e4 h6 4. Bxf6 Qxf6 5. Nf3 b6 6. Bd3 Bb7 7. Nbd2 Qd8 8.
Nf1 d6 9. Ne3 Nd7 10. c3 Be7 11. Qc2 O-O 12. O-O Bg5 13. Nxg5 Qxg5 14. f4 Qe7
15. Rae1 c5 16. d5 exd5 17. exd5 Nf6 18. Nf5 Qd8 19. Re3 Bc8 20. Ne7+ Kh8 21.
Nc6 Qc7 22. c4 Bd7 23. Ne7 Rae8 24. Rfe1 Ng8 25. Qf2 Nxe7 26. Rxe7 Rxe7 27.
Rxe7 Qd8 28. Qe3 Re8 29. Rxe8+ Qxe8 30. Kf2 Qxe3+ 31. Kxe3 Kg8 32. f5 Kf8 33.
Kf4 Ke7 34. g4 f6 35. h4 Be8 36. h5 Kd7 37. Ke3 Kc7 38. Kd2 Bf7 39. Kc3 b5 40.
b3 Kb6 41. Kb2 Ka5 42. Ka3 Be8 43. Bc2 Bd7 1/2-1/2

[Event "Oberliga Ost B 2017 2018"]
[Site "Germany"]
[Date "2018.03.18"]
[Round "9.8"]
[White "Poetsch, Gero"]
[Black "Rolf, Marco"]
[Result "1/2-1/2"]
[WhiteElo "1928"]
[BlackElo "2082"]
[PlyCount "40"]
[EventDate "2017.10.22"]
[EventType "team-tourn"]
[EventCountry "GER"]
[WhiteTeam "Schoeneck SF"]
[BlackTeam "Gernsheim SK"]
[WhiteTeamCountry "GER"]
[BlackTeamCountry "GER"]

1. e4 e6 2. d4 d5 3. exd5 exd5 4. Bd3 Nc6 5. c3 Bd6 6. Ne2 Nf6 7. Bf4 Bg4 8. f3
Be6 9. O-O O-O 10. Qc2 Re8 11. Na3 a6 12. Qd2 Ne7 13. Bxd6 Qxd6 14. Rae1 Ng6
15. Nc2 Re7 16. Bxg6 hxg6 17. Nf4 Rae8 18. Nxe6 Rxe6 19. Rxe6 Rxe6 20. Re1 Kf8
1/2-1/2

[Event "Oberliga Ost B 2017 2018"]
[Site "Germany"]
[Date "2018.03.18"]
[Round "9.1"]
[White "Frolov, Artur"]
[Black "Geske, Julian"]
[Result "1-0"]
[WhiteElo "2403"]
[BlackElo "2398"]
[PlyCount "101"]
[EventDate "2017.10.22"]
[EventType "team-tourn"]
[EventCountry "GER"]
[WhiteTeam "Kasseler SK"]
[BlackTeam "Wiesbadener SV"]
[WhiteTeamCountry "GER"]
[BlackTeamCountry "GER"]

1. e4 d5 2. exd5 Qxd5 3. Nc3 Qa5 4. d4 Nf6 5. Nf3 Bg4 6. h3 Bh5 7. g4 Bg6 8.
Ne5 Nbd7 9. Nc4 Qa6 10. Bf4 Qe6+ 11. Ne3 Qb6 12. Nc4 Qe6+ 13. Qe2 Qxe2+ 14.
Bxe2 O-O-O 15. O-O-O e6 16. a3 Nd5 17. Nxd5 exd5 18. Ne3 c6 19. g5 h5 20. gxh6
gxh6 21. Rhg1 Nf6 22. Be5 Be7 23. Ng4 Bh5 24. Bd3 Bxg4 25. hxg4 Rhg8 26. Bf5+
Nd7 27. Rde1 Rde8 28. Bf4 Bg5 29. Bxg5 hxg5 30. Rxe8+ Rxe8 31. Rh1 Kd8 32. Rh7
Re7 33. Rg7 f6 34. Rg6 Rf7 35. Be6 Re7 36. Bxd7 Kxd7 37. Rxf6 Re4 38. f3 Rxd4
39. Rf7+ Kd6 40. Rxb7 a5 41. Rf7 c5 42. Rf6+ Ke5 43. Rf5+ Ke6 44. Rxg5 Rf4 45.
Rf5 Rxf5 46. gxf5+ Kxf5 47. Kd2 Kf4 48. Ke2 d4 49. c3 a4 50. cxd4 cxd4 51. Kd3
1-0

[Event "Oberliga Ost B 2017 2018"]
[Site "Germany"]
[Date "2018.03.18"]
[Round "9.2"]
[White "Dubkov, Andrej"]
[Black "Grafl, Florian"]
[Result "0-1"]
[WhiteElo "2328"]
[BlackElo "2364"]
[PlyCount "60"]
[EventDate "2017.10.22"]
[EventType "team-tourn"]
[EventCountry "GER"]
[WhiteTeam "Wiesbadener SV"]
[BlackTeam "Kasseler SK"]
[WhiteTeamCountry "GER"]
[BlackTeamCountry "GER"]

1. d4 c5 2. d5 d6 3. e4 g6 4. Nc3 Bg7 5. Bb5+ Nd7 6. a4 Ngf6 7. Nf3 O-O 8. O-O
a6 9. Be2 b6 10. Nd2 Ne8 11. Nc4 Nc7 12. Bg5 f6 13. Bh4 Rb8 14. f4 Bb7 15. e5
dxe5 16. d6 Ne6 17. fxe5 Nd4 18. Bg4 exd6 19. Bxd7 Qxd7 20. Nxb6 Qd8 21. exf6
Bxf6 22. Bxf6 Rxf6 23. Rxf6 Qxf6 24. Qg4 Nxc2 25. Qc4+ Kg7 26. Ncd5 Qxb2 27.
Rd1 Nb4 28. Nd7 Re8 29. Rf1 Re7 30. Rf7+ Kxf7 0-1

[Event "Oberliga Ost B 2017 2018"]
[Site "Germany"]
[Date "2018.03.18"]
[Round "9.3"]
[White "Hahn, Markus"]
[Black "Gottschalk, Jens"]
[Result "0-1"]
[WhiteElo "2281"]
[BlackElo "2268"]
[PlyCount "90"]
[EventDate "2017.10.22"]
[EventType "team-tourn"]
[EventCountry "GER"]
[WhiteTeam "Kasseler SK"]
[BlackTeam "Wiesbadener SV"]
[WhiteTeamCountry "GER"]
[BlackTeamCountry "GER"]

1. d4 Nf6 2. c4 c5 3. d5 b5 4. Nf3 g6 5. Nfd2 b4 6. a3 a5 7. axb4 cxb4 8. e4 d6
9. c5 dxc5 10. Bb5+ Bd7 11. Bc4 Qc7 12. Qe2 Ng4 13. f4 Qxf4 14. Rf1 Qxh2 15.
Nb3 Qh4+ 16. Kd1 Ne5 17. Kc2 Bh6 18. g3 Qh3 19. Bf4 Bxf4 20. gxf4 Nxc4 21. Qxc4
O-O 22. Nxa5 Na6 23. Nd2 Nc7 24. Rf3 Qg2 25. Qxc5 Rfc8 26. Qf2 Nxd5+ 27. Kb1
Qh1+ 28. Qf1 Qxf1+ 29. Nxf1 Nf6 30. Nd2 Bb5 31. Nab3 Rxa1+ 32. Nxa1 Bc6 33. Re3
Ba4 34. Rd3 h5 35. Rd4 Rb8 36. b3 Bd7 37. Nc2 Be6 38. Kb2 h4 39. Nxb4 h3 40.
Nf3 Ng4 41. f5 gxf5 42. exf5 Bxf5 43. Nc6 Re8 44. Rf4 Bc8 45. Rc4 e5 0-1

[Event "Oberliga Ost B 2017 2018"]
[Site "Germany"]
[Date "2018.03.18"]
[Round "9.4"]
[White "Minor, Samuel"]
[Black "Kearns, Christopher"]
[Result "1/2-1/2"]
[WhiteElo "2244"]
[BlackElo "2209"]
[PlyCount "42"]
[EventDate "2017.10.22"]
[EventType "team-tourn"]
[EventCountry "GER"]
[WhiteTeam "Wiesbadener SV"]
[BlackTeam "Kasseler SK"]
[WhiteTeamCountry "GER"]
[BlackTeamCountry "GER"]

1. e4 c5 2. Nf3 e6 3. d4 cxd4 4. Nxd4 Nc6 5. Nc3 Nf6 6. Be3 Bb4 7. f3 d5 8. Qd2
O-O 9. a3 Bxc3 10. Qxc3 e5 11. Nxc6 bxc6 12. Qxe5 Re8 13. Qd4 c5 14. Qd2 Qb6
15. O-O-O Rb8 16. c4 dxe4 17. Qf2 exf3 18. Bxc5 Qb3 19. Qc2 Qa2 20. Qb1 Qb3 21.
Qc2 Qa2 1/2-1/2

[Event "Oberliga Ost B 2017 2018"]
[Site "Germany"]
[Date "2018.03.18"]
[Round "9.5"]
[White "Dovzik, Juri"]
[Black "Nehmert, Ulrich"]
[Result "1-0"]
[WhiteElo "2304"]
[BlackElo "2276"]
[PlyCount "55"]
[EventDate "2017.10.22"]
[EventType "team-tourn"]
[EventCountry "GER"]
[WhiteTeam "Kasseler SK"]
[BlackTeam "Wiesbadener SV"]
[WhiteTeamCountry "GER"]
[BlackTeamCountry "GER"]

1. d4 Nf6 2. Nf3 g6 3. g3 Bg7 4. Bg2 c5 5. O-O O-O 6. c4 cxd4 7. Nxd4 Nc6 8.
Nc3 Nxd4 9. Qxd4 d6 10. Qd3 Nd7 11. b3 Nc5 12. Qd2 a5 13. Ba3 a4 14. b4 Nd7 15.
Rac1 Nb6 16. Nd1 Be6 17. Ne3 Rc8 18. Qd3 Rc7 19. Rc2 Qa8 20. Rfc1 Rfc8 21. c5
dxc5 22. bxc5 Nd7 23. c6 bxc6 24. Bxe7 Ne5 25. Qa3 Qa6 26. Bd6 Bf8 27. Bxf8
Rxf8 28. Qd6 1-0

[Event "Oberliga Ost B 2017 2018"]
[Site "Germany"]
[Date "2018.03.18"]
[Round "9.6"]
[White "Kayser, Felix"]
[Black "Bunda, Viktor"]
[Result "1-0"]
[WhiteElo "2149"]
[BlackElo "2305"]
[PlyCount "83"]
[EventDate "2017.10.22"]
[EventType "team-tourn"]
[EventCountry "GER"]
[WhiteTeam "Wiesbadener SV"]
[BlackTeam "Kasseler SK"]
[WhiteTeamCountry "GER"]
[BlackTeamCountry "GER"]

1. e4 g6 2. Nf3 Bg7 3. d4 d6 4. Bd3 Nf6 5. h3 O-O 6. Be3 Nc6 7. c3 e5 8. d5 Nb8
9. Qd2 c6 10. c4 cxd5 11. cxd5 Nbd7 12. Nc3 Nc5 13. Bc2 a5 14. O-O b6 15. a3 a4
16. Rfc1 Bd7 17. Ne1 Nh5 18. Nd3 f5 19. Nxc5 bxc5 20. Bg5 Qe8 21. Rcb1 f4 22.
f3 h6 23. Bh4 g5 24. Bf2 Nf6 25. b3 axb3 26. Rxb3 h5 27. Rb6 g4 28. Rxd6 gxf3
29. gxf3 Bxh3 30. Bxc5 Qg6+ 31. Kh1 Rfc8 32. Rc6 h4 33. Rg1 Qh5 34. Qf2 Kh8 35.
Be7 Nh7 36. Bd1 Bd7 37. Rcg6 Rxc3 38. Rxg7 h3 39. Bd6 h2 40. Qxh2 Bh3 41. Bxe5
Qxe5 42. Rxh7+ 1-0

[Event "Oberliga Ost B 2017 2018"]
[Site "Germany"]
[Date "2018.03.18"]
[Round "9.7"]
[White "Kersten, Uwe"]
[Black "Ungurean, Florin Ioan"]
[Result "1-0"]
[WhiteElo "2245"]
[BlackElo "1979"]
[PlyCount "117"]
[EventDate "2017.10.22"]
[EventType "team-tourn"]
[EventCountry "GER"]
[WhiteTeam "Kasseler SK"]
[BlackTeam "Wiesbadener SV"]
[WhiteTeamCountry "GER"]
[BlackTeamCountry "GER"]

1. e4 c5 2. Nf3 e6 3. c3 Nf6 4. e5 Nd5 5. d4 cxd4 6. cxd4 Nc6 7. a3 d6 8. Bd3
Be7 9. O-O O-O 10. Re1 Rb8 11. b4 a6 12. Qb3 Bd7 13. Nbd2 Nf4 14. Bb1 Ng6 15.
Bb2 d5 16. g3 Rc8 17. h4 f5 18. Bd3 Qe8 19. Rec1 Nh8 20. Kg2 Nf7 21. Bc3 Nh6
22. Qd1 Ng4 23. Nh2 h5 24. Nxg4 fxg4 25. f3 gxf3+ 26. Nxf3 Qf7 27. Qe2 Na7 28.
a4 b5 29. a5 Rc4 30. Bb2 g6 31. Rf1 Qg7 32. Ng5 Bxg5 33. Rxf8+ Qxf8 34. hxg5
Qe7 35. Rf1 Be8 36. Rf6 Kg7 37. Bxc4 bxc4 38. Bc3 Nb5 39. Qd2 Bf7 40. Kh3 Qe8
41. Rf3 Qh8 42. Qf4 Qf8 43. Qe3 Qe7 44. Kh4 Qd8 45. g4 Qh8 46. Rh3 Qd8 47. Qf4
Qe7 48. Rf3 hxg4 49. Kxg4 Kg8 50. Rh3 Kg7 51. Qh2 Nxc3 52. Rxc3 Qa7 53. Qf4 Kg8
54. Rh3 Be8 55. Kf3 Qg7 56. Ke3 Bd7 57. Rh2 c3 58. Qf6 Qxf6 59. exf6 1-0

[Event "Oberliga Ost B 2017 2018"]
[Site "Germany"]
[Date "2018.03.18"]
[Round "9.8"]
[White "Li, Maxim"]
[Black "Warnecke, Tobias"]
[Result "0-1"]
[WhiteElo "1932"]
[BlackElo "2140"]
[PlyCount "92"]
[EventDate "2017.10.22"]
[EventType "team-tourn"]
[EventCountry "GER"]
[WhiteTeam "Wiesbadener SV"]
[BlackTeam "Kasseler SK"]
[WhiteTeamCountry "GER"]
[BlackTeamCountry "GER"]

1. e4 c5 2. Nc3 Nc6 3. f4 e6 4. Nf3 a6 5. g3 g6 6. Bg2 Bg7 7. O-O d6 8. d3 Nge7
9. Ne2 O-O 10. c3 b5 11. Kh1 Bb7 12. Be3 Qc7 13. Rc1 Rad8 14. Qc2 Nb8 15. Neg1
Nd7 16. Nh3 Rfe8 17. Nf2 Qb8 18. Qd2 Qa8 19. Ne1 Nf8 20. d4 a5 21. h3 Nd7 22.
Kh2 Nb6 23. b3 b4 24. c4 f5 25. dxc5 dxc5 26. Qc2 Bc3 27. e5 Nc6 28. Nfd3 Nd4
29. Qf2 Bxg2 30. Qxg2 Qc8 31. g4 a4 32. Rb1 axb3 33. axb3 Nxb3 34. Rxb3 Nxc4
35. Bc1 Nb6 36. Rb1 Nd5 37. gxf5 exf5 38. Nc2 Qa6 39. Nxc5 Qa2 40. Na3 Qxg2+
41. Kxg2 bxa3 42. Rf2 Bd4 43. Rc2 a2 44. Rxa2 Bxc5 45. Rb7 Re7 46. Rb5 Nc3 0-1

[Event "Oberliga Ost B 2017 2018"]
[Site "Germany"]
[Date "2018.03.18"]
[Round "9.1"]
[White "Richter, Dustin"]
[Black "Lutz, Klaus Juergen"]
[Result "1/2-1/2"]
[WhiteElo "2176"]
[BlackElo "2258"]
[PlyCount "82"]
[EventDate "2017.10.22"]
[EventType "team-tourn"]
[EventCountry "GER"]
[WhiteTeam "Sangerhausen SV"]
[BlackTeam "Neuberg SF"]
[WhiteTeamCountry "GER"]
[BlackTeamCountry "GER"]

1. Nf3 d6 2. d4 Bg4 3. e3 Nf6 4. Be2 Nbd7 5. c4 e5 6. Nc3 c6 7. O-O Qc7 8. b4
a6 9. a4 e4 10. Nd2 Bxe2 11. Qxe2 d5 12. Ba3 Bd6 13. h3 O-O 14. Rfc1 Qd8 15.
Qd1 Qe7 16. Qb3 Qe6 17. cxd5 cxd5 18. a5 Rfd8 19. b5 Rac8 20. Bxd6 Qxd6 21. Rc2
Rc7 22. Rac1 Rdc8 23. Na4 h6 24. bxa6 bxa6 25. Rxc7 Rxc7 26. Rc3 Rxc3 27. Qxc3
Qb8 28. Qb3 Qc7 29. Nb6 Qc1+ 30. Nf1 Qc6 31. Ng3 Nf8 32. Ne2 Ne6 33. Nc3 Nc7
34. Qb4 Kh7 35. Qb3 Kg8 36. Qb4 Kh7 37. Kf1 Nfe8 38. Qb3 Nf6 39. Qb4 Nfe8 40.
Qb3 Nf6 41. Kg1 Kg8 1/2-1/2

[Event "Oberliga Ost B 2017 2018"]
[Site "Germany"]
[Date "2018.03.18"]
[Round "9.2"]
[White "Seifert, Christopher"]
[Black "Hillmann, Michael"]
[Result "1-0"]
[WhiteElo "2290"]
[BlackElo "2159"]
[PlyCount "49"]
[EventDate "2017.10.22"]
[EventType "team-tourn"]
[EventCountry "GER"]
[WhiteTeam "Neuberg SF"]
[BlackTeam "Sangerhausen SV"]
[WhiteTeamCountry "GER"]
[BlackTeamCountry "GER"]

1. c4 c6 2. Nf3 d5 3. e3 Nf6 4. Nc3 a6 5. b4 b5 6. cxd5 cxd5 7. a4 bxa4 8.
Qxa4+ Bd7 9. Qb3 e6 10. b5 a5 11. Be2 Bd6 12. Ba3 Qe7 13. O-O O-O 14. Bxd6 Qxd6
15. Qa3 Ne8 16. Nd4 e5 17. Nb3 Be6 18. d4 Nd7 19. Nxa5 exd4 20. exd4 Qb6 21.
Qb4 Nd6 22. Nc6 Nc4 23. Rxa8 Rxa8 24. Nxd5 Bxd5 25. Ne7+ 1-0

[Event "Oberliga Ost B 2017 2018"]
[Site "Germany"]
[Date "2018.03.18"]
[Round "9.3"]
[White "Hellwig, Tobias"]
[Black "Wahedi, Ahmad Siar"]
[Result "0-1"]
[WhiteElo "2197"]
[BlackElo "2255"]
[PlyCount "120"]
[EventDate "2017.10.22"]
[EventType "team-tourn"]
[EventCountry "GER"]
[WhiteTeam "Sangerhausen SV"]
[BlackTeam "Neuberg SF"]
[WhiteTeamCountry "GER"]
[BlackTeamCountry "GER"]

1. d4 d5 2. c4 c6 3. Nf3 Nf6 4. Nc3 dxc4 5. a4 Bf5 6. e3 e6 7. Bxc4 Bb4 8. O-O
O-O 9. Qe2 Bg6 10. Ne5 Nbd7 11. Nxg6 hxg6 12. Rd1 Qe7 13. e4 e5 14. d5 Nb6 15.
Bb3 a5 16. Bg5 Nbd7 17. Rd3 Nc5 18. Bc4 Nxd3 19. Qxd3 Qc5 20. Rc1 Qd4 21. Qxd4
exd4 22. Bxf6 gxf6 23. Ne2 Rae8 24. dxc6 bxc6 25. Bd3 c5 26. Kf1 Re5 27. g4
Rfe8 28. Ng3 Kg7 29. Rc2 Rh8 30. Kg2 Rh4 31. f3 Re8 32. Re2 Reh8 33. Kg1 Kf8
34. Nf1 Rh3 35. Kg2 c4 36. Bxc4 Bd6 37. Bd3 Bxh2 38. Rc2 Bd6 39. Rc4 Rh1 40.
Rxd4 Ke7 41. Rd5 Bc7 42. Rb5 Be5 43. Kf2 Bd4+ 44. Ke2 Rg1 45. Rxa5 Rg2+ 46. Kd1
Bxb2 47. Ra7+ Ke6 48. Bc4+ Ke5 49. Rd7 Kf4 50. a5 Rc8 51. Nd2 Bc3 52. Bxf7 Bxa5
53. Nc4 Rh8 54. Kc1 Bc3 55. Rd3 Ra8 56. Nd2 Ra1+ 57. Kc2 Ba5 58. Rd4 Bxd2 59.
Rxd2 Rxd2+ 60. Kxd2 g5 0-1